00699cam a22002531 4500001001300000003000400013005001700017008004100034010001700075035002000092040001900112042001200131050002100143060002300164110004000187245003800227260002300265300001500288500001700303500005600320500002100376504003100397999001700428sg 44000236 DLC20260227112744.0810920s1944 xx a b 000 0 eng  asg 44000236  a(OCoLC)14730430 aDLCcDNLMdDLC apremarc00aRG525b.C65 19440 aWQ 150bC635L 19442 aCleveland Child Health Association.10aLessons for the expectant mother. a[Cleveland,c1944] a1 v.bill. aCover-title. aVarious pagings; reproduced from type-written copy. a"Third edition." aBibliography: 2 p. at end. c90460d90460